One word substitution / (Record no. 152322)

MARC details
000 -LEADER
fixed length control field 00664nam a22001937a 4500
005 - DATE AND TIME OF LATEST TRANSACTION
control field 20180601111627.0
010 ## - LCCN (DPL NO)
LC control number B-694055
020 ## - INTERNATIONAL STANDARD BOOK NUMBER
Terms of availability 60.00
035 ## - SYSTEM CONTROL NUMBER
System control number B-694055
037 ## - SOURCE OF ACQUISITION
Source of stock number/acquisition RK Books
082 ## - DEWEY DECIMAL CLASSIFICATION NUMBER
Classification number 488.1
100 ## - MAIN ENTRY--PERSONAL NAME
Personal name Singh, Ajay K..
245 ## - TITLE STATEMENT
Title One word substitution /
Statement of responsibility, etc by Ajay K. Singh
260 ## - PUBLICATION, DISTRIBUTION, ETC. (IMPRINT)
Place of publication, distribution, etc Patna
Name of publisher, distributor, etc M.B.Books
Date of publication, distribution, etc 2016
270 ## - ADDRESS
Address 3rd Floor, Ramdiri House, Dadiji Lane, Boring Road
City Patna
Postal code 800001
300 ## - PHYSICAL DESCRIPTION
Extent 146p.
Dimensions 19cm(Pbk)
942 ## - ADDED ENTRY ELEMENTS (KOHA)
Source of classification or shelving scheme Dewey Decimal Classification
Item type English Books
Call number suffix SIN
Classification part 488.1
Holdings
Withdrawn status Lost status Not for loan Collection code Home library Current library Date acquired Source of acquisition Cost, normal purchase price Full call number Barcode Copy number Cost, replacement price Koha item type Public note
      Non-fiction Sarojini Nagar Sarojini Nagar 01/06/2018 R.K.Books/398/23.05.2018/456/18.05.2018/29.05.2018 60.00 488.1 SIN B-694055 1 60.00 English Books Withdrawal List Prepared List No:- 119/25

© Delhi Public Library
Hit Counter
free hit counter